El montaje : (Registro nro. 5970)

Detalles MARC
000 -LEADER
fixed length control field 00978nam a2200241Ia 4500
003 - CONTROL NUMBER IDENTIFIER
control field OSt
005 - DATE AND TIME OF LATEST TRANSACTION
control field 20200804140625.0
008 - FIXED-LENGTH DATA ELEMENTS--GENERAL INFORMATION
fixed length control field 191128s2008 ck ao gr 000 0 spa d
020 ## - INTERNATIONAL STANDARD BOOK NUMBER
International Standard Book Number 9789588245621
040 ## - CATALOGING SOURCE
Original cataloging agency CO-JMCR
Transcribing agency CO-JMCR
041 0# - LANGUAGE CODE
Language code of text/sound track or separate title spa
082 04 - DEWEY DECIMAL CLASSIFICATION NUMBER
Classification number 364.168 /
Item number D651m
Edition number 23
100 1# - MAIN ENTRY--PERSONAL NAME
Personal name Donadio, Alberto,
Relator term autor
9 (RLIN) 118
245 13 - TITLE STATEMENT
Title El montaje :
Remainder of title Diez años de una persecución /
Statement of responsibility, etc. Alberto Donadio
250 ## - EDITION STATEMENT
Edition statement Prinera edición
260 ## - PUBLICATION, DISTRIBUTION, ETC.
Place of publication, distribution, etc. Medellín :
Name of publisher, distributor, etc. Hombre nuevo editores,
Date of publication, distribution, etc. 2008.
300 ## - PHYSICAL DESCRIPTION
Extent 106 páginas :
Other physical details fotografías a color ;
Dimensions 22 cm.
505 0# - FORMATTED CONTENTS NOTE
Formatted contents note El aviso de la verdad -- La acusación -- La Dian recuperó los impuestos -- ¿Por qué me mintieron? -- La ligereza de la Dian -- La violación d ela soberanía financiera de Ecuador -- Carlos Cuevas -- Mecánicamente, cobardemente
650 24 - SUBJECT ADDED ENTRY--TOPICAL TERM
Topical term or geographic name entry element Corrupción administrativa
9 (RLIN) 8354
650 24 - SUBJECT ADDED ENTRY--TOPICAL TERM
Topical term or geographic name entry element Delitos contra la economía
9 (RLIN) 8355
650 24 - SUBJECT ADDED ENTRY--TOPICAL TERM
Topical term or geographic name entry element Soberanía financiera
9 (RLIN) 8356
942 ## - ADDED ENTRY ELEMENTS (KOHA)
Source of classification or shelving scheme Dewey Decimal Classification
Koha item type Books
Existencias
Withdrawn status Lost status Source of classification or shelving scheme Materials specified (bound volume or other part) Damaged status Not for loan Home library Current library Shelving location Date acquired Source of acquisition Full call number Barcode Date last seen Copy number Price effective from Koha item type
    Dewey Decimal Classification Donación--15/04/2018--     Biblioteca Pública José María del Castillo y Rada Biblioteca Pública José María del Castillo y Rada General Stacks 11/28/2019 Donación 364.168 / D651m 430011302 05/16/2024 Ej.1 11/28/2019 Books